Sport and exercise science : (Record no. 8482)

MARC details
000 -LEADER
fixed length control field 01751cam a2200493 i 4500
001 - CONTROL NUMBER
control field 21629719
003 - CONTROL NUMBER IDENTIFIER
control field OSt
005 - DATE AND TIME OF LATEST TRANSACTION
control field 20240614130857.0
006 - FIXED-LENGTH DATA ELEMENTS--ADDITIONAL MATERIAL CHARACTERISTICS
fixed length control field m |o d |
007 - PHYSICAL DESCRIPTION FIXED FIELD--GENERAL INFORMATION
fixed length control field cr |||||||||||
008 - FIXED-LENGTH DATA ELEMENTS--GENERAL INFORMATION
fixed length control field 130301s2012 enka ob 001 0 eng
010 ## - LIBRARY OF CONGRESS CONTROL NUMBER
LC control number 2020691032
015 ## - NATIONAL BIBLIOGRAPHY NUMBER
National bibliography number GBB1D1879
Source bnb
016 7# - NATIONAL BIBLIOGRAPHIC AGENCY CONTROL NUMBER
Record control number 015969818
Source Uk
020 ## - INTERNATIONAL STANDARD BOOK NUMBER
International Standard Book Number 9781134641550
Qualifying information ebook
020 ## - INTERNATIONAL STANDARD BOOK NUMBER
Canceled/invalid ISBN 1444144170
Qualifying information pbk.
020 ## - INTERNATIONAL STANDARD BOOK NUMBER
Canceled/invalid ISBN 9781444144178
Qualifying information pbk.
040 ## - CATALOGING SOURCE
Original cataloging agency MUST LIB
Language of cataloging MUST
Description conventions MUST
Transcribing agency MUST
042 ## - AUTHENTICATION CODE
Authentication code pcc
050 00 - LIBRARY OF CONGRESS CALL NUMBER
Classification number GV558
082 04 - DEWEY DECIMAL CLASSIFICATION NUMBER
Classification number 500
Edition number 20
Item number SEW
100 1# - MAIN ENTRY--PERSONAL NAME
Personal name Sewell, Dean.
9 (RLIN) 13715
245 10 - TITLE STATEMENT
Title Sport and exercise science :
Remainder of title an introduction /
Statement of responsibility, etc. Dean Sewell, Philip Watkins and Murray Griffin.
250 ## - EDITION STATEMENT
Edition statement Second Edition
264 #1 - PRODUCTION, PUBLICATION, DISTRIBUTION, MANUFACTURE, AND COPYRIGHT NOTICE
Place of production, publication, distribution, manufacture London :
Name of producer, publisher, distributor, manufacturer Hodder Education,
Date of production, publication, distribution, manufacture, or copyright notice 2012.
300 ## - PHYSICAL DESCRIPTION
Extent 1 online resource
336 ## - CONTENT TYPE
Content type term text
Content type code txt
Source rdacontent
337 ## - MEDIA TYPE
Media type term computer
Media type code c
Source rdamedia
338 ## - CARRIER TYPE
Carrier type term online resource
Carrier type code cr
Source rdacarrier
500 ## - GENERAL NOTE
General note Previous edition: London: Hodder Arnold, 2005.
504 ## - BIBLIOGRAPHY, ETC. NOTE
Bibliography, etc Includes bibliographical references and index.
588 ## - SOURCE OF DESCRIPTION NOTE
Source of description note Description based on print version record cip data provided by publisher.
650 #0 - SUBJECT ADDED ENTRY--TOPICAL TERM
Topical term or geographic name as entry element Sports sciences.
9 (RLIN) 13716
650 #0 - SUBJECT ADDED ENTRY--TOPICAL TERM
Topical term or geographic name as entry element Sports
General subdivision Physiological aspects.
9 (RLIN) 13717
650 #0 - SUBJECT ADDED ENTRY--TOPICAL TERM
Topical term or geographic name as entry element Exercise
General subdivision Physiological aspects.
9 (RLIN) 13718
650 #0 - SUBJECT ADDED ENTRY--TOPICAL TERM
Topical term or geographic name as entry element Sports
General subdivision Psychological aspects.
9 (RLIN) 13719
650 #0 - SUBJECT ADDED ENTRY--TOPICAL TERM
Topical term or geographic name as entry element Exercise
General subdivision Psychological aspects.
9 (RLIN) 13720
700 1# - ADDED ENTRY--PERSONAL NAME
Personal name Watkins, Philip
Fuller form of name (Philip Huw)
9 (RLIN) 13721
700 1# - ADDED ENTRY--PERSONAL NAME
Personal name Griffin, Murray.
9 (RLIN) 13722
776 08 - ADDITIONAL PHYSICAL FORM ENTRY
Relationship information Print version:
Title Sport and exercise science
Place, publisher, and date of publication London : Hodder Education, 2012.
International Standard Book Number 1444144170 (pbk.)
Record control number (DLC) 2012540535
906 ## - LOCAL DATA ELEMENT F, LDF (RLIN)
a 7
b cbc
c origcop
d 1
e ecip
f 20
g y-gencatlg
942 ## - ADDED ENTRY ELEMENTS (KOHA)
Source of classification or shelving scheme Dewey Decimal Classification
Koha item type Book
Holdings
Withdrawn status Lost status Source of classification or shelving scheme Damaged status Not for loan Home library Current library Date acquired Source of acquisition Inventory number Total Checkouts Full call number Barcode Date last seen Price effective from Koha item type
    Dewey Decimal Classification     MUST Main Library MUST Main Library 14/06/2024 Donation 14/37793   500 SEW 2024-20538 14/06/2024 14/06/2024 Book
    Dewey Decimal Classification     MUST Main Library MUST Main Library 14/06/2024 Donation 14/37792   500 SEW 2024-20540 14/06/2024 14/06/2024 Book